Ondrej Zimka. /
Uložené v:
| Hlavní autori: | , |
|---|---|
| Médium: | Kniha |
| Jazyk: | Slovak |
| Vydané: |
Bratislava :
Slovenský Tatran,
1996
|
| Vydanie: | 1. vyd. |
| Edícia: | Ateliér
|
| Témy: | |
| ISBN: |
8022204595 (viaz.) |
| Fyzický popis: |
237 s. |
| Tagy: |
Pridať tag
Žiadne tagy, Buďte prvý kto otaguje tento záznam!
|
Titul je dostupný aj v ... 

MARC
| LEADER | 00000nam a2200000 a 4500 | ||
|---|---|---|---|
| 001 | 000034521 | ||
| 003 | SVKK | ||
| 005 | 19990614000000.0 | ||
| 008 | 970213s1996 xo e sloo | ||
| 020 | |a 8022204595 (viaz.) | ||
| 040 | |a SVKKK |b slo |c SVKKK |e AACR2 | ||
| 041 | 0 | |a slo | |
| 044 | |a xo |c SK | ||
| 080 | |a 75(437.6) Zimka, O. |2 1997 | ||
| 100 | 1 | |a Tkáč, Štefan |4 aut | |
| 245 | 1 | 0 | |a Ondrej Zimka. / |c Štefan Tkáč, Ľudovít Petránsky |
| 250 | |a 1. vyd. | ||
| 260 | |a Bratislava : |b Slovenský Tatran, |c 1996 | ||
| 300 | |a 237 s. | ||
| 440 | 0 | |a Ateliér | |
| 504 | |a Resumé nem., angl., rus. | ||
| 653 | 0 | |a Zimka, Ondrej, 1937- |2 SVKKKPH | |
| 653 | 0 | |a maliar slovenský |2 SVKKKPH | |
| 653 | 0 | |a život a dielo |2 SVKKKPH | |
| 655 | 7 | |a monografie |2 SVKKKPH | |
| 700 | 1 | |a Petránsky, Ľudovít |4 aut | |
| 910 | |a svkkk | ||
| 919 | |a 80-222-0459-5 | ||
| 974 | |a MI |d 19970313 | ||
| 974 | |a KL |d 19970320 | ||
| 974 | |a MI |d 19990614 | ||
| 998 | |a BK | ||
| 090 | |g SCKHL |k Sklad Pribinova 3. posch. |a V.198436 |j 903943 |i 2720145203 |s Prezenčne | ||